<?xml version="1.0" encoding="UTF-8"?>
<record
    xmlns:xsi="http://www.w3.org/2001/XMLSchema-instance"
    xsi:schemaLocation="http://www.loc.gov/MARC21/slim http://www.loc.gov/standards/marcxml/schema/MARC21slim.xsd"
    xmlns="http://www.loc.gov/MARC21/slim">

  <leader>01900nam a22003017a 4500</leader>
  <controlfield tag="003">OSt</controlfield>
  <controlfield tag="005">20181128111458.0</controlfield>
  <controlfield tag="008">180226b        xxu||||| |||| 00| 0 spa d</controlfield>
  <datafield tag="020" ind1=" " ind2=" ">
    <subfield code="a">8472481433(v.1)</subfield>
  </datafield>
  <datafield tag="020" ind1=" " ind2=" ">
    <subfield code="a">8472481395(v.2)</subfield>
  </datafield>
  <datafield tag="020" ind1=" " ind2=" ">
    <subfield code="a">8472481123(v.3)</subfield>
  </datafield>
  <datafield tag="040" ind1=" " ind2=" ">
    <subfield code="c">PJ</subfield>
  </datafield>
  <datafield tag="100" ind1=" " ind2=" ">
    <subfield code="9">548</subfield>
    <subfield code="a">Parada, Ram&#xF3;n</subfield>
  </datafield>
  <datafield tag="245" ind1="1" ind2="0">
    <subfield code="a">Derecho administrativo /</subfield>
    <subfield code="c">Ram&#xF3;n Parada.</subfield>
  </datafield>
  <datafield tag="250" ind1=" " ind2=" ">
    <subfield code="a">4a. ed.</subfield>
  </datafield>
  <datafield tag="260" ind1=" " ind2=" ">
    <subfield code="a">Madrid :</subfield>
    <subfield code="b">Marcial Pons,</subfield>
    <subfield code="c">1991-1992.</subfield>
  </datafield>
  <datafield tag="300" ind1=" " ind2=" ">
    <subfield code="a">3v.</subfield>
    <subfield code="c">24 cm</subfield>
  </datafield>
  <datafield tag="505" ind1=" " ind2=" ">
    <subfield code="a">Contenido:

v. 1: Tomo I. PARTE GENERAL: Concepto. Fuentes. Actos. Contratos. Actividad administrativa. Expropiaci&#xF3;n forzosa. Responsabilidad. Procedimiento. Recursos. Jurisdicci&#xF3;n.

v. 2: Tomo II. ORGANIZACI&#xD3;N Y EMPLEO P&#xDA;BLICO: Principios de organizaci&#xF3;n. Divisi&#xF3;n territorial. Administraci&#xF3;n del Estado. Comunidades aut&#xF3;nomas. R&#xE9;gimen local. Administraci&#xF3;n institucional, corporativa, consultiva y de control. Sistemas de funci&#xF3;n p&#xFA;blica. Relaci&#xF3;n funcionarial. Derechos y deberes. Sindicaci&#xF3;n, negociaci&#xF3;n y huelga. Comunidades europeas.

v. 3: Tomo III. BIENES P&#xDA;BLICOS. DERECHO URBAN&#xCD;STICO: Bienes de la administraci&#xF3;n: r&#xE9;gimen b&#xE1;sico. Dominio p&#xFA;blico. Aguas. Costas y puertos. Montes. Protecci&#xF3;n de la naturaleza. Minas. Patrimonio cultural. Urbanismo y derecho. R&#xE9;gimen del suelo. Expropiaciones urban&#xED;sticas e intervenci&#xF3;n administrativa en el mercado inmobiliario. Planeamiento urban&#xED;stico. Clases de planes. Formaci&#xF3;n y eficacia de los planes. Gesti&#xF3;n y disciplina urban&#xED;stica.
</subfield>
  </datafield>
  <datafield tag="650" ind1=" " ind2=" ">
    <subfield code="a">DERECHO ADMINISTRATIVO</subfield>
    <subfield code="9">211</subfield>
  </datafield>
  <datafield tag="650" ind1=" " ind2="0">
    <subfield code="a">ADMINISTRACION PUBLICA</subfield>
    <subfield code="9">877</subfield>
  </datafield>
  <datafield tag="650" ind1=" " ind2="0">
    <subfield code="a">PROCEDIMIENTO ADMINISTRATIVO</subfield>
    <subfield code="9">1135</subfield>
  </datafield>
  <datafield tag="650" ind1=" " ind2="0">
    <subfield code="a">CONTRATOS ADMINISTRATIVOS</subfield>
    <subfield code="9">1170</subfield>
  </datafield>
  <datafield tag="650" ind1=" " ind2="0">
    <subfield code="a">ACTO ADMINISTRATIVO</subfield>
    <subfield code="9">1171</subfield>
  </datafield>
  <datafield tag="650" ind1=" " ind2="0">
    <subfield code="a">SERVICIO PUBLICO</subfield>
    <subfield code="9">932</subfield>
  </datafield>
  <datafield tag="650" ind1=" " ind2="0">
    <subfield code="a">RECURSOS ADMINISTRATIVOS</subfield>
    <subfield code="9">1136</subfield>
  </datafield>
  <datafield tag="650" ind1=" " ind2="0">
    <subfield code="a">EMPLEO PUBLICO</subfield>
    <subfield code="9">938</subfield>
  </datafield>
  <datafield tag="942" ind1=" " ind2=" ">
    <subfield code="2">udc</subfield>
    <subfield code="c">LIB</subfield>
    <subfield code="h">342.9</subfield>
    <subfield code="i">PAR</subfield>
  </datafield>
  <datafield tag="999" ind1=" " ind2=" ">
    <subfield code="c">1954</subfield>
    <subfield code="d">1954</subfield>
  </datafield>
  <datafield tag="952" ind1=" " ind2=" ">
    <subfield code="0">0</subfield>
    <subfield code="1">0</subfield>
    <subfield code="2">udc</subfield>
    <subfield code="4">0</subfield>
    <subfield code="7">0</subfield>
    <subfield code="a">DJS</subfield>
    <subfield code="b">DJS</subfield>
    <subfield code="d">2018-11-13</subfield>
    <subfield code="h">V. 1</subfield>
    <subfield code="o">342.9 PAR</subfield>
    <subfield code="p">1648</subfield>
    <subfield code="r">2018-11-13</subfield>
    <subfield code="w">2018-11-13</subfield>
    <subfield code="y">LIB</subfield>
  </datafield>
  <datafield tag="952" ind1=" " ind2=" ">
    <subfield code="0">0</subfield>
    <subfield code="1">0</subfield>
    <subfield code="2">udc</subfield>
    <subfield code="4">0</subfield>
    <subfield code="7">0</subfield>
    <subfield code="a">DJS</subfield>
    <subfield code="b">DJS</subfield>
    <subfield code="d">2018-11-13</subfield>
    <subfield code="h">V. 2</subfield>
    <subfield code="l">1</subfield>
    <subfield code="o">342.9 PAR</subfield>
    <subfield code="p">1566</subfield>
    <subfield code="r">2023-08-29</subfield>
    <subfield code="s">2023-07-14</subfield>
    <subfield code="w">2018-11-13</subfield>
    <subfield code="y">LIB</subfield>
  </datafield>
  <datafield tag="952" ind1=" " ind2=" ">
    <subfield code="0">0</subfield>
    <subfield code="1">0</subfield>
    <subfield code="2">udc</subfield>
    <subfield code="4">0</subfield>
    <subfield code="7">0</subfield>
    <subfield code="a">DJS</subfield>
    <subfield code="b">DJS</subfield>
    <subfield code="d">2018-11-13</subfield>
    <subfield code="h">V. 3</subfield>
    <subfield code="o">342.9 PAR</subfield>
    <subfield code="p">1567</subfield>
    <subfield code="r">2018-11-13</subfield>
    <subfield code="w">2018-11-13</subfield>
    <subfield code="y">LIB</subfield>
  </datafield>
</record>
